000 00988nam a2200301 a 4500
999 _c5970
_d5970
001 5970
003 BD-JhCC
005 20171231134257.0
008 940118s1994 mauak bf 001 0 eng
020 _a0669349607
035 _a(BD-JhCC)5970
040 _aDLC
_cDLC
_dBD-JhCC
041 _aeng
050 0 0 _aLB1025.2
_b.T4245 1994
082 0 0 _a371.3/028
_220
_bTEA 1994
245 0 0 _aTeaching strategies :
_ba guide to better instruction /
_cDonald C. Orlich ... [et al.].
250 _a4th ed.
260 _aLexington, Mass. :
_bD.C. Heath,
_cc1994.
300 _axv, 400 p. :
_bill., forms ;
_c24 cm.
504 _aIncludes bibliographical references and index.
650 0 _aTeaching
_xHandbooks, manuals, etc.
650 0 _aLesson planning
_xHandbooks, manuals, etc.
650 0 _aEducational tests and measurements
_xHandbooks, manuals, etc.
650 0 _aClassroom management
_xHandbooks, manuals, etc.
700 1 _aOrlich, Donald C.
942 _2ddc
_cBK